Normal view
MARC view
Entry Nombre personal
001 - NÚMERO DE CONTROL
- campo de control: 61078
003 - IDENTIFICADOR DEL NÚMERO DE CONTROL
- campo de control: OSt
005 - FECHA Y HORA DE LA ÚLTIMA TRANSACCIÓN
- campo de control: 20200615035217.0
008 - DATOS DE LONGITUD FIJA
- campo de control de longitud fija: 200615|| aca||aabn | a|a d
040 ## - FUENTE DE LA CATALOGACIÓN
- Centro catalogador/agencia de origen: OSt
- Centro/agencia transcriptor: OSt
100 ## - ENCABEZAMIENTO-NOMBRE DE PERSONA
- Nombre de persona: Ots Capdequi, J. M
670 ## - FUENTE DE DATOS ENCONTRADOS
- Cita de la fuente: Work cat.: (OSt)34801: Ots Capdequi, J. M., El estado español en las Indias /, 1957.
